[Event "COL-ch U2000"]
[Site "Pereira"]
[Date "2022.02.18"]
[Round "5"]
[White "Zuluaga, Nicolas"]
[Black "Guzman, River"]
[Result "0-1"]
[WhiteElo "1691"]
[BlackElo "1745"]
[PlyCount "66"]
[EventDate "2022.02.16"]
[EventType "swiss"]
[EventRounds "9"]
[EventCountry "COL"]
[SourceTitle "CBM 207 Extra"]
[Source "ChessBase"]
[SourceDate "2022.05.31"]
[SourceVersion "1"]
[SourceVersionDate "2022.05.31"]
[SourceQuality "1"]

1. d4 Nf6 2. Nf3 g6 3. c4 d5 4. Nc3 Bg7 5. Bg5 Ne4 6. Bf4 Nxc3 7. bxc3 c5 8. Bxb8 Rxb8 9. Qa4+ Bd7 10. Qxa7 cxd4 11. cxd4 dxc4 12. e3 b5 13. Be2 Ra8 14. Qb7 Qa5+ 15. Nd2 e6 16. 0-0 Ra7 17. Nxc4 bxc4 18. Qb8+ Ke7 19. Qf4 Rc8 20. Rfc1 Qd2 21. Re1 c3 22. Rac1 c2 23. Kf1 Rb7 24. g3 e5 25. dxe5 Bh3+ 26. Kg1 Qxe1+ 27. Rxe1 c1Q 28. Qh4+ Kf8 29. Qxh3 Qxe1+ 30. Bf1 Rc1 31. Qg2 Qxf1+ 32. Qxf1 Rxf1+ 33. Kxf1 Bxe5 0-1

[Event "COL-ch U1800"]
[Site "Villamaria"]
[Date "2019.11.02"]
[Round "3"]
[White "Leal Ortega, Jose del Carmen"]
[Black "Guzman, River"]
[Result "0-1"]
[WhiteElo "1602"]
[BlackElo "1778"]
[PlyCount "90"]
[EventDate "2019.11.01"]
[EventType "swiss"]
[EventRounds "7"]
[EventCountry "COL"]
[SourceTitle "CBM 193 Extra"]
[Source "ChessBase"]
[SourceDate "2020.01.31"]
[SourceVersion "1"]
[SourceVersionDate "2020.01.31"]
[SourceQuality "1"]

1. c4 Nf6 2. Nc3 g6 3. g3 Bg7 4. Bg2 0-0 5. e4 d6 6. Nge2 c5 7. 0-0 Nc6 8. d3 Bd7 9. Rb1 Qc8 10. Nf4 a6 11. a3 Nd4 12. Be3 Ng4 13. h3 Nxe3 14. fxe3 Ne6 15. Ncd5 Qd8 16. b4 Nxf4 17. Nxf4 Rb8 18. bxc5 dxc5 19. Nd5 b5 20. Qd2 e6 21. Nf4 Bc6 22. cxb5 Bxb5 23. Rfd1 Qd6 24. Kh2 Rfd8 25. Qa5 Be5 26. a4 Bxf4 27. exf4 Bxd3 28. Rxb8 Rxb8 29. Qc3 c4 30. e5 Qb6 31. Rd2 Qb4 32. Rxd3 cxd3 33. Qxd3 Qxa4 34. Qd6 Qb5 35. h4 a5 36. Qe7 Qb4 37. Qf6 Qd2 38. Kh3 h5 39. Bf3 Qd8 40. g4 Qxf6 41. exf6 hxg4+ 42. Kxg4 a4 43. Kg5 a3 44. h5 Rb5+ 45. Kh4 Rxh5+ 0-1

[Event "COL-ch U2000"]
[Site "Pereira"]
[Date "2019.03.24"]
[Round "7"]
[White "Florez, Santiago"]
[Black "Guzman, River"]
[Result "1-0"]
[WhiteElo "1667"]
[BlackElo "1837"]
[PlyCount "54"]
[EventDate "2019.03.21"]
[EventType "swiss"]
[EventRounds "9"]
[EventCountry "COL"]
[SourceTitle "CBM 189 Extra"]
[Source "ChessBase"]
[SourceDate "2019.06.03"]
[SourceVersion "1"]
[SourceVersionDate "2019.06.03"]
[SourceQuality "1"]

1. d4 Nf6 2. c4 g6 3. Nc3 d5 4. Nf3 Bg7 5. cxd5 Nxd5 6. e4 Nxc3 7. bxc3 0-0 8. Be2 c5 9. 0-0 cxd4 10. cxd4 Nc6 11. Be3 Bg4 12. d5 Bxa1 13. Qxa1 Bxf3 14. Bxf3 Na5 15. Bh6 f6 16. Bxf8 Qxf8 17. Qc3 Qd8 18. Rc1 Kf8 19. e5 Rb8 20. exf6 exf6 21. Qc5+ Kg7 22. d6 b5 23. Qxa7+ Kh6 24. Rc7 Nc4 25. Rxh7+ Kg5 26. h4+ Kf5 27. Qc5+ Ne5 1-0

[Event "COL-ch U2000"]
[Site "Pereira"]
[Date "2019.03.22"]
[Round "3"]
[White "Gomez Vasquez, Laura Sofia"]
[Black "Guzman, River"]
[Result "1-0"]
[WhiteElo "1603"]
[BlackElo "1837"]
[PlyCount "49"]
[EventDate "2019.03.21"]
[EventType "swiss"]
[EventRounds "9"]
[EventCountry "COL"]
[SourceTitle "CBM 189 Extra"]
[Source "ChessBase"]
[SourceDate "2019.06.03"]
[SourceVersion "1"]
[SourceVersionDate "2019.06.03"]
[SourceQuality "1"]

1. e4 c5 2. Nf3 a6 3. c3 d5 4. exd5 Qxd5 5. d4 Bg4 6. Be2 cxd4 7. cxd4 e6 8. Nc3 Qd8 9. Be3 Nf6 10. Ne5 Bxe2 11. Qxe2 Be7 12. 0-0 0-0 13. Qf3 Nd5 14. Rac1 f6 15. Nd3 Nc6 16. Qh3 f5 17. Nxd5 Qxd5 18. b3 Ba3 19. Rcd1 Rad8 20. Nf4 Qd6 21. d5 Rfe8 22. g3 exd5 23. Rxd5 Qc7 24. Rxd8 Qxd8 25. Qxf5 1-0

[Event "Pan American-ch Seniors 50"]
[Site "Neiva"]
[Date "2017.10.15"]
[Round "7"]
[White "Hernandez Fernandez, Noel"]
[Black "Guzman, River"]
[Result "1/2-1/2"]
[WhiteElo "1902"]
[BlackElo "1870"]
[PlyCount "50"]
[EventDate "2017.10.11"]
[EventType "swiss"]
[EventRounds "9"]
[EventCountry "COL"]
[SourceTitle "CBM 181 Extra"]
[Source "ChessBase"]
[SourceDate "2017.12.12"]
[SourceVersion "1"]
[SourceVersionDate "2017.12.12"]
[SourceQuality "1"]

1. d4 Nf6 2. Nf3 g6 3. Bf4 Bg7 4. e3 0-0 5. c4 d5 6. Nc3 c6 7. h3 Nbd7 8. Qb3 dxc4 9. Bxc4 Nb6 10. Bd3 Be6 11. Qc2 Nbd5 12. Be5 Nb4 13. Qd2 Nxd3+ 14. Qxd3 Qa5 15. 0-0 Rad8 16. a3 Bb3 17. Ne4 Nxe4 18. Qxb3 Bxe5 19. dxe5 Nc5 20. Qc4 Ne6 21. Qh4 Rd7 22. Qh6 Rfd8 23. Rac1 Qa4 24. Ng5 Nxg5 25. Qxg5 Qb5 1/2-1/2

[Event "Pan American-ch Seniors 50"]
[Site "Neiva"]
[Date "2017.10.11"]
[Round "2"]
[White "Guzman, River"]
[Black "Llano, Antonio"]
[Result "1-0"]
[WhiteElo "1870"]
[BlackElo "1581"]
[PlyCount "59"]
[EventDate "2017.10.11"]
[EventType "swiss"]
[EventRounds "9"]
[EventCountry "COL"]
[SourceTitle "CBM 181 Extra"]
[Source "ChessBase"]
[SourceDate "2017.12.12"]
[SourceVersion "1"]
[SourceVersionDate "2017.12.12"]
[SourceQuality "1"]

1. e4 c5 2. Nf3 d6 3. d4 cxd4 4. Nxd4 g6 5. Be3 Nf6 6. Nc3 Bg7 7. f3 a6 8. Qd2 Nc6 9. Nb3 0-0 10. Bh6 Be6 11. 0-0-0 Qc7 12. Bxg7 Kxg7 13. h4 h5 14. Kb1 Ne5 15. Be2 Bc4 16. Nd4 Rfc8 17. Qg5 e6 18. g4 Nh7 19. Qe3 Bxe2 20. Qxe2 Qc4 21. Qxc4 Rxc4 22. g5 Rac8 23. f4 Ng4 24. Rd2 e5 25. Nf3 R4c6 26. Nd5 Kf8 27. f5 Rd8 28. Rf1 Rd7 29. fxg6 Kg7 30. gxh7 1-0

[Event "Manizales op 26th"]
[Site "Manizales"]
[Date "2017.01.06"]
[Round "5"]
[White "Guzman, River"]
[Black "Villamil, Alejandro"]
[Result "1-0"]
[WhiteElo "1901"]
[BlackElo "1758"]
[PlyCount "75"]
[EventDate "2017.01.04"]
[EventType "swiss"]
[EventRounds "9"]
[EventCountry "COL"]
[SourceTitle "CBM 176 Extra"]
[Source "ChessBase"]
[SourceDate "2017.03.02"]
[SourceVersion "1"]
[SourceVersionDate "2017.03.02"]
[SourceQuality "1"]

1. e4 c5 2. Nf3 Nc6 3. d4 cxd4 4. Nxd4 Nxd4 5. Qxd4 d6 6. Bb5+ Bd7 7. Bxd7+ Qxd7 8. 0-0 e5 9. Qd3 g6 10. Nc3 Ne7 11. Be3 Bg7 12. Rad1 Nc8 13. Nb5 Bf8 14. Bc5 a6 15. Nxd6+ Nxd6 16. Bxd6 Bxd6 17. Qxd6 Qxd6 18. Rxd6 Ke7 19. Rfd1 Rhd8 20. Rxd8 Rxd8 21. Rxd8 Kxd8 22. Kf1 Kd7 23. Ke2 Kd6 24. Kd3 Kc5 25. c3 a5 26. a4 b6 27. g4 b5 28. axb5 Kxb5 29. b3 Kc5 30. g5 Kb5 31. c4+ Kb4 32. Kc2 Kc5 33. Kc3 Kc6 34. b4 axb4+ 35. Kxb4 Kd6 36. c5+ Kc6 37. Kc4 Kc7 38. Kd5 1-0

[Event "Santiago de Cali op"]
[Site "Cali"]
[Date "2016.12.28"]
[Round "5"]
[White "Beltran, Carlos Armando"]
[Black "Guzman, River"]
[Result "1-0"]
[WhiteElo "2181"]
[BlackElo "1901"]
[PlyCount "55"]
[EventDate "2016.12.26"]
[EventType "swiss"]
[EventRounds "8"]
[EventCountry "COL"]
[SourceTitle "EXT 2018"]
[Source "ChessBase"]
[SourceDate "2017.10.13"]
[SourceVersion "1"]
[SourceVersionDate "2017.10.13"]
[SourceQuality "1"]

1. Nf3 c5 2. b3 d5 3. e3 Nf6 4. Bb2 e6 5. Bb5+ Bd7 6. Bxd7+ Nbxd7 7. 0-0 Be7 8. d3 0-0 9. Nbd2 Qc7 10. Qe2 e5 11. e4 d4 12. a4 b6 13. Nh4 g6 14. g3 Nh5 15. Ng2 Bg5 16. Nf3 Bh6 17. Nfh4 Ndf6 18. Bc1 Bxc1 19. Raxc1 h6 20. f4 Kh7 21. Rf2 Rae8 22. fxe5 Qxe5 23. g4 Ng7 24. Rcf1 Re6 25. Nf3 Qd6 26. e5 Rfe8 27. Qd2 Qd7 28. exf6 1-0

[Event "Santiago de Cali op"]
[Site "Cali"]
[Date "2016.12.27"]
[Round "3"]
[White "Herrera, Juan Sebastian"]
[Black "Guzman, River"]
[Result "1-0"]
[WhiteElo "2226"]
[BlackElo "1901"]
[PlyCount "65"]
[EventDate "2016.12.26"]
[EventType "swiss"]
[EventRounds "8"]
[EventCountry "COL"]
[SourceTitle "EXT 2018"]
[Source "ChessBase"]
[SourceDate "2017.10.13"]
[SourceVersion "1"]
[SourceVersionDate "2017.10.13"]
[SourceQuality "1"]

1. e4 c5 2. Nc3 d6 3. g3 Nc6 4. Bg2 g6 5. d3 Bg7 6. Be3 Nf6 7. h3 Bd7 8. Nge2 Rb8 9. 0-0 b5 10. Qd2 b4 11. Nd1 h5 12. f4 Qc8 13. Nf2 e5 14. c3 0-0 15. f5 Kh7 16. g4 hxg4 17. hxg4 Rh8 18. Ng3 Kg8 19. Bf3 Qd8 20. Kg2 bxc3 21. bxc3 Qa5 22. g5 Ne8 23. Bg4 Rh4 24. fxg6 Bxg4 25. gxf7+ Kxf7 26. Nxg4+ Kg6 27. Nh2 Qa3 28. Rf2 Nd4 29. cxd4 cxd4 30. Nf5 Rxh2+ 31. Kxh2 dxe3 32. Ne7+ Kh7 33. Qxe3 1-0

[Event "Villamaria op 2nd"]
[Site "Villamaria"]
[Date "2016.07.02"]
[Round "2"]
[White "Munoz Galvez, Jhon Edison"]
[Black "Guzman, River"]
[Result "1-0"]
[WhiteElo "2347"]
[BlackElo "1883"]
[PlyCount "73"]
[EventDate "2016.07.02"]
[EventType "swiss"]
[EventRounds "7"]
[EventCountry "COL"]
[SourceTitle "CBM 173 Extra"]
[Source "ChessBase"]
[SourceDate "2016.08.29"]
[SourceVersion "1"]
[SourceVersionDate "2016.08.29"]
[SourceQuality "1"]

1. d4 Nf6 2. c4 g6 3. Nc3 d5 4. f3 Bg7 5. cxd5 Nxd5 6. e4 Nxc3 7. bxc3 0-0 8. Bc4 c5 9. Ne2 Nc6 10. Be3 cxd4 11. cxd4 Bd7 12. 0-0 a6 13. Rc1 Rc8 14. Qd2 b5 15. Bd5 Kh8 16. Rc5 Nb8 17. Rxc8 Bxc8 18. Rc1 e5 19. dxe5 Bxe5 20. Bh6 Bg7 21. Bxg7+ Kxg7 22. Qc3+ Kg8 23. Qc7 Nd7 24. Qxd8 Rxd8 25. Rc7 Rf8 26. Nd4 Nb6 27. Bb3 a5 28. Rc6 a4 29. Rxb6 axb3 30. axb3 Rd8 31. Nxb5 Bd7 32. Rd6 Rb8 33. Nc7 Bb5 34. Kf2 Kf8 35. e5 Ke7 36. Nd5+ Kf8 37. Rb6 1-0

[Event "Risarald op"]
[Site "Risarald"]
[Date "2015.06.14"]
[Round "4"]
[White "Cadavid, Juan Miguel"]
[Black "Guzman, River"]
[Result "1/2-1/2"]
[WhiteElo "1872"]
[BlackElo "1941"]
[PlyCount "45"]
[EventDate "2015.06.12"]
[EventType "swiss"]
[EventRounds "7"]
[EventCountry "COL"]
[SourceTitle "CBM 167 Extra"]
[Source "ChessBase"]
[SourceDate "2015.09.14"]
[SourceVersion "1"]
[SourceVersionDate "2015.09.14"]
[SourceQuality "1"]

1. e4 c5 2. c3 d5 3. exd5 Qxd5 4. d4 e6 5. Nf3 Nf6 6. Na3 Be7 7. Be3 cxd4 8. Nb5 Na6 9. Qxd4 Qxd4 10. Bxd4 b6 11. Bxf6 gxf6 12. 0-0-0 Bb7 13. Be2 Kf8 14. b4 Bd5 15. Kb2 Kg7 16. Nfd4 Rhc8 17. Nf5+ Kf8 18. Nbd6 Bxd6 19. Nxd6 Rd8 20. Rxd5 exd5 21. Nb7 Nc7 22. Nxd8 Rxd8 23. Rd1 1/2-1/2

[Event "Pereira Forero Cup 2nd"]
[Site "Pereira"]
[Date "2015.04.19"]
[Round "4"]
[White "Guzman, River"]
[Black "Zuluaga A, Ernesto Uriel"]
[Result "0-1"]
[WhiteElo "1941"]
[BlackElo "1865"]
[PlyCount "60"]
[EventDate "2015.04.17"]
[EventType "swiss"]
[EventRounds "5"]
[EventCountry "COL"]
[SourceTitle "CBM 166 Extra"]
[Source "ChessBase"]
[SourceDate "2015.06.18"]
[SourceVersion "1"]
[SourceVersionDate "2015.06.18"]
[SourceQuality "1"]

1. e4 c5 2. Nf3 a6 3. d4 cxd4 4. Nxd4 e6 5. c4 Qc7 6. Bd3 d6 7. 0-0 b6 8. Be3 Bb7 9. Nc3 Nd7 10. Rc1 Ngf6 11. Bb1 Be7 12. f4 Rd8 13. f5 e5 14. Nb3 Qb8 15. g4 Qa8 16. Qf3 h6 17. Nd2 Rc8 18. Rfd1 0-0 19. g5 hxg5 20. Bxg5 Rfe8 21. h4 b5 22. cxb5 axb5 23. Nxb5 Qa5 24. Rxc8 Rxc8 25. Nc3 Qb6+ 26. Qe3 Qxb2 27. Na4 Qb4 28. Qb3 d5 29. exd5 Qg4+ 30. Kh2 Qe2+ 0-1

[Event "Dosquebrad op"]
[Site "Dosquebrad"]
[Date "2013.06.19"]
[Round "1"]
[White "Guzman, River"]
[Black "Walteros, Juan Diego"]
[Result "1-0"]
[WhiteElo "1968"]
[BlackElo "1504"]
[PlyCount "107"]
[EventDate "2013.06.19"]
[EventType "swiss"]
[EventRounds "7"]
[EventCountry "COL"]
[SourceTitle "CBM 155 Extra"]
[Source "ChessBase"]
[SourceDate "2013.08.26"]
[SourceVersion "1"]
[SourceVersionDate "2013.08.26"]
[SourceQuality "1"]

1. e4 e6 2. d4 d5 3. Nd2 c5 4. Ngf3 cxd4 5. Nxd4 Bc5 6. N4b3 Bd6 7. Bb5+ Bd7 8. Qe2 Bxb5 9. Qxb5+ Qd7 10. Qe2 Nc6 11. Nf3 Qc7 12. 0-0 Nge7 13. Re1 dxe4 14. Qxe4 0-0 15. Bg5 Nf5 16. Rad1 h6 17. g4 hxg5 18. gxf5 exf5 19. Qxf5 Bf4 20. Rd7 Qc8 21. Red1 Nb8 22. R7d5 Qxf5 23. Rxf5 g6 24. Rfd5 Nc6 25. c3 Rad8 26. Nc5 b6 27. Ne4 Rxd5 28. Rxd5 f6 29. Rd7 Rf7 30. Rxf7 Kxf7 31. h3 Ne5 32. Nd4 Nd3 33. b3 f5 34. Ng3 Nc1 35. a4 Be5 36. Nge2 Nxe2+ 37. Nxe2 Ke6 38. f3 Kd5 39. Kf2 Kc5 40. Ke3 Kd5 41. Kd3 a6 42. Nc1 Bf4 43. Ne2 Be5 44. c4+ Kc5 45. Nc1 Bb2 46. Na2 a5 47. Nc3 Bxc3 48. Kxc3 f4 49. Kd3 Kb4 50. Kc2 Ka3 51. Kc3 Ka2 52. b4 Ka3 53. bxa5 bxa5 54. c5 1-0